Financování hromadných žalob seriál k hromadným žalobám (3. díl)

Jednou z kľúčových otázok hromadných žalôb je otázka ich financovania. Sumarizácia základných aspektov financovania hromadných žalôb na základe prejednávaného návrhu zákona, a to najmä modely financovania a český prístup. Snaha o zodpovedanie otázky, či návrh zákona skôr uprednostňuje žalobcu (spotr...

Descrizione completa

Salvato in:
Dettagli Bibliografici
Autore principale: Střeleček, Tomáš
Natura: Capitolo di libro
Lingua:ceco
Soggetti:
Tags: Aggiungi Tag
Nessun Tag, puoi essere il primo ad aggiungerne!!

MARC

LEADER 00000naa a2200000 4500
001 0298921
005 20240417075301.5
041 0 |a cze 
044 |a CZ 
245 1 0 |a Financování hromadných žalob  |b seriál k hromadným žalobám (3. díl)  |c Tomáš Střeleček 
520 |a Jednou z kľúčových otázok hromadných žalôb je otázka ich financovania. Sumarizácia základných aspektov financovania hromadných žalôb na základe prejednávaného návrhu zákona, a to najmä modely financovania a český prístup. Snaha o zodpovedanie otázky, či návrh zákona skôr uprednostňuje žalobcu (spotrebiteľské právnické osoby) alebo žalovaného (podnikateľa) prostredníctvom nastavenia financovania hromadných žalôb. 
610 2 0 |a financovanie 
610 2 0 |a sťažnosti 
610 2 0 |a žaloby 
610 2 0 |a spotrebitelia 
610 2 0 |a podnikatelia 
610 2 0 |a legislatíva 
610 2 0 |a právo 
610 2 0 |a Česko 
100 1 |a Střeleček, Tomáš